déclinaison de ipse, ipsa, ipsum - Statistiques

Statistiques générales
  • Ce quiz a été pris 2 fois
  • Le résultat moyen est 2 sur 10
Statistiques - réponses
Hint Réponse % Correct
nominatif ipse ipsa ipsum
100%
datif ipsis ipsis ipsis
50%
ablatif ipsis ipsis ipsis
50%
nominatif ipsi ipsae ipsa
0%
datif ipsi ipsi ipsi
0%
génitif ipsius ipsius ipsius
0%
ablatif ipso ipsa ipso
0%
génitif ipsorum ipsarum ipsorum
0%
accusatif ipsos ipsas ipsa
0%
accusatif ipsum ipsam ipsum
0%
Aucun quiz correspondant
Distribution des résultats
% des personnes avec chaque résultat
Percentile par nombre de réponses
Votre historique - résultats
Vous n’avez pas pris ce quiz